000 00330nam a22001457a 4500
008 230321b ||||| |||| 00| 0 eng d
020 _a0205452388
041 _aeng
080 _a159.9
082 _a159.9DUG
100 _a25
101 _aPSI
245 _aCAREER INTERVENTIONS AND TECHNIQUES
_cDUGGAN .H.M
942 _2udc
_cBK
999 _c59406
_d59406